00793nam a2200217 a 450000500170000000800410001702000180005805000290007610000240010524500800012926000320020930000290024152100080027065000460027865000330032465000370035770000200039494200170041499900170043195201270044820140310183457.0091109s19uu xx 00 eng d a9780415444576 aRC 569.5.B67b.Sw93 2009 aSwales, Michaela A. aDialectical behavior therapy :bdistinctive features /cMichaela A. Swales. aLondon :bRoutledge,c2009. a167 p. :bill. ;c18 cm. aNUR aBorderline personality disorderxtherapy. aCognitive theraphyxmethods. aSuicidexprevention and control. aHeard, Heidi L. cBK2lcckFOR c23716d23716 00102lcc40aCLbCLcGCd2014-01-13eDONATIONl0oRC 569.5.B67 .Sw93 2009pC10825r2018-05-15 00:00:00t1w2014-01-13yBK